00368cam a22001097a 4500008004000000082001500040245006700055260005000122300000900172440004200181700003500223180718b1958 xxu||||| |||| 00| 0 eng d aP4x42 Un3s aSchool and the countrysidecby Her Majesty's Stationery Office aLondonbHer Majesty's Stationery Officec1958 a74p. aMinistry of Education Pamphlet No. 35 aHer Majesty's Stationery Offic